000 00550nam a2200193Ia 4500
003 GCL
008 140319s9999 xx 000 0 ara d
040 _aGCL /
_cGCL
082 0 4 _a938
_bع م
100 1 _aعاصم احمد حسين
245 1 0 _aالمدخل الى تاريخ وحضارة الاغريق /
_cعاصم احمد حسين
300 _a320
490 _a100 قصة
_v0
650 0 4 _aالتاريخ
650 0 4 _aالتاريخ القديم
650 0 4 _aحضارة الاغريق
650 0 4 _aالاغريق
942 _2ddc
_cBK
999 _c46433
_d46433